000 03484cam a2200517 a 4500
001 11000544
003 ARRUPE
005 20161128115309.0
008 120105s2012 enk b 001 0 eng c
010 _a 2012930327
020 _a9780199691647 (pbk. : acidfree paper)
020 _a0199691649 (pbk. : acidfree paper)
024 _a99960489130
035 _a(OCoLC)752069005
035 _a(OCoLC)ocn752069005
035 _a(NNC)11000544
040 _aBTCTA
_beng
_cBTCTA
_dDLC
_dBDX
_dUKMGB
_dYDXCP
_dNLE
_dOCLCO
_dYNK
_dBWK
_dCDX
_dSGB
_dYVO
_dBWX
_dOKU
_dOUP
_dIQU
_dCOO
_dMUU
_dOCLCF
_dP4I
_dOCLCQ
042 _apcc
050 0 0 _aBL53
_b.J36 2012
082 0 4 _a204.2
_223
100 1 _aJames, William,
_d1842-1910.
_922318
245 1 4 _aThe varieties of religious experience :
_ba study in human nature /
_cWilliam James ; edited with an introduction and notes by Matthew Bradley.
246 3 0 _aReligious experience
246 3 0 _aStudy in human nature
300 _axxxvi, 441 pages ;
_c20 cm.
490 1 _aOxford world's classics
500 _aPreviously published: Amherst, N.Y. :Prometheus Books, 2002.
504 _aIncludes bibliographical references (pages xxx-xxxii) and index.
505 0 _aThe varieties of religious experience. Religion and neurology ; Circumscription of the topic ; The reality of the unseen ; The religion of healthy-mindedness ; The sick soul ; The divided self, and the process of its unification ; conversion ; conversion -- concluded ; Saintliness ; The value of saintliness ; Mysticism ; Philosophy ; Other characteristics ; Conclusions ; Postscript.
520 _a"The Varieties of Religious Experience is William James's classic survey of religious belief. With psychological insight and philosophical rigor, James wrote a truly foundational text for modern belief. Matthew Bradley's wide-ranging new edition--the most critically up-to-date and inclusive edition of James's masterpiece available in paperback--showcases ideas that continue to fuel modern debates on atheism and faith. His introduction stresses the book's significance in the relationship between religion and culture, discusses its ideas and their contemporary interest, and places the book within James's biographical, intellectual, and literary background. The explanatory notes identify key figures and contexts, and provide links with James's other work. About the Series: For over 100 years Oxford World's Classics has made available the broadest spectrum of literature from around the globe. Each affordable volume reflects Oxford's commitment to scholarship, providing the most accurate text plus a wealth of other valuable features, including expert introductions by leading authorities, voluminous notes to clarify the text, up-to-date bibliographies for further study, and much more."--Publisher's website.
650 0 _aExperience (Religion)
_927596
650 0 _aReligion.
_927597
650 0 _aPsychology, Religious.
_927598
650 0 _aPhilosophy and religion.
_927599
650 0 _aConversion.
_91617
650 7 _aConversion.
_2fast
_91617
650 7 _aExperience (Religion)
_2fast
_927596
650 7 _aPhilosophy and religion.
_2fast
_927599
650 7 _aPsychology, Religious.
_2fast
_927598
650 7 _aReligion.
_2fast
_927597
700 1 _aBradley, Matthew,
_d1977-
_4edt
_927600
830 0 _aOxford world's classics (Oxford University Press)
_99934
942 _2lcc
_cMONOGRAPH
948 1 _a20141209
_bc
_cdc21
_dMPS
999 _c125772
_d125772